MARC

LEADER 00000nam0a2200000 4500
001 305185
005 20231102001757.0
035 |a (RuTPU)RU\TPU\book\330451 
090 |a 305185 
100 |a 20150924d1983 m y0rusy50 ca 
101 0 |a rus 
102 |a RU 
105 |a a j 001zy 
200 1 |a Технология полимерных покрытий  |e учебник  |f М. И. Карякина, В. Е. Попцов 
210 |a Москва  |c Химия  |d 1983 
215 |a 336 с.  |c ил. 
320 |a Библиогр.: с. 329-330 
320 |a Предм. указ.: с. 331-335 
606 1 |a Полимерные покрытия  |2 stltpush  |3 (RuTPU)RU\TPU\subj\50207  |9 68939 
610 1 |a учебники 
610 1 |a технология 
610 1 |a лакокрасочные материалы 
610 1 |a полимерные покрытия 
610 1 |a получение 
610 1 |a пленкообразователи 
610 1 |a ингибирование 
610 1 |a защитные средства 
610 1 |a резины 
610 1 |a пленочные материалы 
610 1 |a поверхности 
610 1 |a подготовка 
610 1 |a нанесение покрытий 
610 1 |a шлифование 
610 1 |a полирование 
610 1 |a окраска 
610 1 |a курсовое проектирование 
675 |a 678.84(075.32)  |v 4 
700 1 |a Карякина  |b М. И.  |g Маргарита ИВАНОВНА 
701 1 |a Попцов  |b В. Е.  |g Вадим Евгеньевич 
801 1 |a RU  |b 63413507  |c 20150924 
801 2 |a RU  |b 63413507  |c 20190429  |g RCR 
942 |c BK